| 000 | 00685nam a2200205 a 4500 | ||
|---|---|---|---|
| 005 | 20210223125056.0 | ||
| 008 | 030820s2002 mx r 000 0 spa d | ||
| 020 | _a9701507967 | ||
| 035 | _aUPN01000128009 | ||
| 049 | _aCG | ||
| 050 | 4 |
_aQA76.73 J3.8 _bF7.7 |
|
| 100 | 1 | _aFroufe Quintas, Agustín | |
| 245 | 1 | 0 |
_aJavaServer Pages : _bmanual de usuario y tutorial / _cAgustín Froufe Quintas. |
| 260 |
_aMéxico : _bAlfaomega : _bRA-MA, _c2002. |
||
| 300 |
_a264 p. : _bil. + _e1 CD-ROM ; 4 3/4 plg. |
||
| 500 | _aEl CD-ROM incluye ejemplos y aplicaciones | ||
| 650 | 4 |
_aJAVASERVER PAGES _925467 |
|
| 650 | 4 |
_aJAVA (LENGUAJE DE PROGRAMACION PARA COMPUTADORA) _97523 |
|
| 905 | _aLibro | ||
| 999 |
_c100188 _d100188 |
||